Famous penguins - Statistics

General Stats
  • This quiz has been taken 27 times
  • The average score is 5 of 17
Answer Stats
Hint Answer % Correct
British-Swiss claymation penguin that says 'Noot-noot!' Pingoo
70%
The four penguins from "Madagascar" Skipper
70%
Private
61%
Kowalski
52%
Rico
43%
The singing squeaky penguin from "Toy Story 2" Wheezy
35%
Greedy and selfish king from the 'Kirby' universe Dedede
30%
Penguin from Nickelodeon's "The Backyardigans" Pablo
26%
Pokémon based on a penguin with a move called 'Present' and it likes to flee Delibird
22%
The star of the film "Happy Feet" Mumble
22%
Walter Lantz cartoon penguin who does not enjoy being cold Chilly Willy
13%
Wallace & Gromit's nemesis in "The Wrong Trousers" Feathers McGraw
13%
The team medic from "Octonauts" Peso
13%
Pet of the Ice King from "Adventure Time" Gunter
9%
Penguin given a knighthood by the King of Norway Nils Olav
4%
The first penguin to have bald spots restored Pierre
0%
The two male penguins of New York zoo that inspired a controversial book Roy & Silo
0%
No matching quizzes found
Score Distribution
Percent of People with Each Score
Percentile by Number Answered
Your Score History
You have not taken this quiz